| 000 | 01038nam a22002537a 4500 | ||
|---|---|---|---|
| 005 | 20170124103115.0 | ||
| 010 | _aB-069093 | ||
| 020 |
_c150.00 _a8190153358 |
||
| 035 | _aB-069093 | ||
| 037 | _bCen Lib/Ret | ||
| 040 |
_aDPL _bHN |
||
| 082 |
_a608 _bशर्मारा |
||
| 100 |
_aशर्मा, राजीव _980543 |
||
| 245 |
_aविज्ञान ही जीवन है / _cराजीव शर्मा |
||
| 246 |
_aVigyan hi jivan hai / _bby Rajeev Sharma |
||
| 260 |
_aदिल्ली _bभारत भारती _c2002 |
||
| 270 |
_a868, मुखर्जी नगर _bदिल्ली _e110002 |
||
| 300 |
_a110पृ. : _c21सेमी (सजिल्द) _bसचित्र |
||
| 650 |
_aविज्ञान-- विवान शैली _980544 |
||
| 650 |
_aआविष्कार और खोज _980545 |
||
| 650 |
_aScience--Lifestyle _980546 |
||
| 650 |
_aScience--Invention and discovery _980547 |
||
| 942 |
_2ddc _cHN _h608 _mशर्मारा |
||
| 999 |
_c118498 _d118498 |
||